Understanding British Values In Primary Schools (Record no. 547645)

MARC details
000 -LEADER
fixed length control field 00639nam a2200205Ia 4500
008 - FIXED-LENGTH DATA ELEMENTS--GENERAL INFORMATION
fixed length control field 240825s9999 xx 000 0 und d
020 ## - INTERNATIONAL STANDARD BOOK NUMBER
ISBN 9781526408419
Paper back/Hardbound pbk
041 ## - LANGUAGE CODE
Language code of text/sound track or separate title eng
082 ## - DEWEY DECIMAL CLASSIFICATION NUMBER
Classification number 370.114
Item number CAR
100 ## - MAIN ENTRY--AUTHOR NAME
Personal name Carroll, Joy
245 #0 - TITLE STATEMENT
Title Understanding British Values In Primary Schools
Statement of responsibility, etc / Joy Carroll; Colin Howard; Bridget Knight
250 ## - EDITION STATEMENT
Edition statement 1st edition
260 ## - PUBLICATION, DISTRIBUTION, ETC. (IMPRINT)
Name of publisher London: Sage Publications
Year of publication 2018.
300 ## - PHYSICAL DESCRIPTION
Number of Pages 114 pages, 22cm.
650 ## - SUBJECT ADDED ENTRY--TOPICAL TERM
Topical Term Values Study and teaching (Primary)
Topical Term Moral education (Primary)
700 ## - ADDED ENTRY--PERSONAL NAME
Personal name Howard, Colin; Knight, Bridget .
942 ## - ADDED ENTRY ELEMENTS (KOHA)
Koha item type English Books
Holdings
Withdrawn status Lost status Damaged status Not for loan Home library Current library Shelving location Date acquired Full call number Accession Number Price effective from Koha item type
        Anna Centenary Library Anna Centenary Library 4TH FLOOR, A WING 25.08.2024 370.114 CAR 693580 25.08.2024 Reference

Find us on the map